00425nam a2200157Ia 450000500170000000800410001702000140005808200130007210000180008524500690010326000420017230000180021465000120023265000110024465000120025520240830021720.0240331s9999 xx 000 0 und d a817304559 bSRAa792 aSrampickal, J 0aVoice to the Voiceless :bThe power of people's theatre in India aNew DelhibManohar Publicationsc1994 axii, 273 p ., aTheatre aSocial aSociety